ভ্রান্তি নিরসন / (Record no. 12243)
[ view plain ]
| 000 -LEADER | |
|---|---|
| fixed length control field | 00946nam a2200253 a 4500 |
| 001 - CONTROL NUMBER | |
| JCCL Control Number | 12243 |
| 003 - CONTROL NUMBER IDENTIFIER | |
| JCCL marc code | BD-JhCC |
| 005 - DATE AND TIME OF LATEST TRANSACTION | |
| control field | 20210831101147.0 |
| 008 - FIXED-LENGTH DATA ELEMENTS--GENERAL INFORMATION | |
| fixed length control field | 210829b20152020bg a|||| ||a| 001 0 ben d |
| 035 ## - SYSTEM CONTROL NUMBER | |
| system control number | (BD-JhCC)12243 |
| 040 ## - CATALOGING SOURCE | |
| Original cataloging agency | BD-JhCC |
| Modifying agency | BD-JhCC |
| 041 ## - LANGUAGE CODE | |
| Language code of Book | bengali |
| 082 ## - DEWEY DECIMAL CLASSIFICATION NUMBER | |
| DDC Edition number | 23 |
| Classification number | 297.261 |
| Author mark and Year | KAS 2020 |
| 100 ## - MAIN ENTRY--PERSONAL NAME | |
| Personal name | কাসেমী, মুফতী আবু বকর জাবের |
| 245 ## - TITLE STATEMENT | |
| Title | ভ্রান্তি নিরসন / |
| Statement of responsibility, etc | মুফতী আবু বকর জাবের কাসেমী, অনুঃ আব্দুল্লাহ আল মাসুম । |
| 260 ## - PUBLICATION, DISTRIBUTION, ETC. (IMPRINT) | |
| Place of publication, distribution, etc | ঢাকা: |
| Name of publisher, distributor, etc | দারুল উলুম লাইব্রেরী; |
| Date of publication, distribution, etc | ২০২০. |
| 300 ## - PHYSICAL DESCRIPTION | |
| Pagination | 496 p. : |
| Other physical details | ill; |
| Dimensions | 22 cm. |
| 650 ## - SUBJECT ADDED ENTRY--TOPICAL TERM | |
| Topical term or geographic name as entry element | Tawbah |
| 650 ## - SUBJECT ADDED ENTRY--TOPICAL TERM | |
| Topical term or geographic name as entry element | Repentance |
| 650 ## - SUBJECT ADDED ENTRY--TOPICAL TERM | |
| Topical term or geographic name as entry element | Forgiveness of sin (islam) |
| 700 ## - ADDED ENTRY--PERSONAL NAME | |
| Personal name | মাসুম,আব্দুল্লাহ আল |
| 942 ## - ADDED ENTRY ELEMENTS (KOHA) | |
| Source of classification or shelving scheme | Dewey Decimal Classification |
| Koha item type | Books |
| Source of classification or shelving scheme | Damaged status | Not for loan | Home library | Current library | Shelving location | Date of accession | Cost, normal purchase price | Total Checkouts | Full call number | Barcode | Date last seen | Copy number | Koha item type |
|---|---|---|---|---|---|---|---|---|---|---|---|---|---|
| Dewey Decimal Classification | JCC Rouf Library | JCC Rouf Library | General Stacks | 08/31/2021 | 300.00 | 297.261 KAS 2020 | 16777 | 08/31/2021 | C-1 | Books |